000
00336 a2200157 4500
001
177736
020
_a
040
_c
Magnum
100
_a
Albergaria, Lino de
240
1
0
_a
Amanha chega o sol
_l
por
245
1
0
_a
Amanha chega o sol
362
0
_a
1899
440
1
_a
Ao Livro Técnico
697
_a
MAGNITO: IJ/GERAL
942
_c
BK
999
_c
177736
_d
177736